Valtioiden rajojen ylityksiä #2 - Statistics

Yleistilastot
  • Tätä visaa on pelattu 633 kertaa
  • Keskiarvotulos 19 / 24
Vastaustilastot
Lähtövaltio Suunta Valtio % Oikein
Ruotsi Itä Suomi
100%
Kanada Etelä Yhdysvallat
100%
Irak Itä Iran
89%
Espanja Länsi Portugali
89%
Pohjois-Korea Etelä Etelä-Korea
88%
Andorra Pohjoinen Ranska
88%
Jemen Pohjoinen Saudi-Arabia
87%
San Marino Mikä vain Italia
86%
Pohjois-Makedonia Etelä Kreikka
85%
Alankomaat Itä Saksa
84%
Kazakstan Pohjoinen Venäjä
83%
Liechtenstein Länsi Sveitsi
82%
Tunisia Länsi Algeria
81%
Paraguay Etelä Argentiina
79%
Tšad Pohjoinen Libya
79%
Ecuador Etelä Peru
75%
Bhutan Etelä Intia
74%
Papua-Uusi-Guinea Länsi Indonesia
73%
Bangladesh Pohjoinen Intia
72%
Gambia Mikä vain Senegal
72%
Kuwait Etelä Saudi-Arabia
71%
Israel Länsi Egypti
69%
Panama Itä Kolumbia
65%
Togo Länsi Ghana
63%
Ehtoja vastaavia visoja ei löytynyt
Tulosjakauma
Jokaisen tuloksen saaneiden osuus
Persentiili vastausten määrän mukaan
Tuloshistoriasi
Et ole pelannut tätä visaa